| 000 | 00761nam a2200205Ia 4500 | ||
|---|---|---|---|
| 005 | 20250622124039.0 | ||
| 008 | 250616s9999||||xx |||||||||||||| ||ara|| | ||
| 017 |
_a2024/25227 _bمصر. دار الكتب |
||
| 020 | _a9789771815822 | ||
| 082 | 0 | 4 |
_a"412,4" _bأ م |
| 100 | 0 | _aأحمد سويلم | |
| 245 | 1 | 0 |
_aالمختار من المنتسب والمغترب فى لغة العرب / _cجمع وإعداد أحمد سويلم |
| 250 | _aط1 | ||
| 260 | 3 |
_aالقاهرة : _b"دار الكتب والوثائق القومية،" _c2024. |
|
| 300 |
_a592ص ؛ _c24سم. |
||
| 650 |
_aاللغة العربية _x الاشتقاق |
||
| 650 |
_aاللغة العربية _x ألفاظ |
||
| 942 | _cBK | ||
| 999 |
_c67709 _d67709 |
||